Hry pro zvládání hněvu : cvičení a hry pro děti 5-12 let /

Hlavní autor: Plummer, Deborah, 1957-
Další autoři: Kopicová, Miroslava
Jazyk: Čeština
Vydáno: Praha : Portál, 2019
Vydání: Vydání první
Témata:
Fyzický popis: 141 stran ; 21 cm
Knihy
Uloženo v:
LEADER 02421nam a2200625 i 4500
001 nkc20193118887
003 CZ PrNK
005 20220615083304.0
007 ta
008 190723s2019 xr e f 000 0 cze
015 |a cnb003118887 
020 |a 978-80-262-1507-3  |q (brožováno) 
035 |a (OCoLC)1127278657 
040 |a ABA001  |b cze  |e rda 
041 1 |a cze  |h eng 
072 7 |a 37  |x Výchova a vzdělávání  |2 Konspekt  |9 22 
080 |a 316.346.32-053.5  |2 MRF 
080 |a 159.942.5  |2 MRF 
080 |a 159.942  |2 MRF 
080 |a 159.944  |2 MRF 
080 |a 37.015.31:316.42  |2 MRF 
080 |a 37.091.33:316.6  |2 MRF 
080 |a (072)  |2 MRF 
100 1 |a Plummer, Deborah,  |d 1957-  |7 hka2010609883  |4 aut 
240 1 0 |a Anger management games for children.  |l Česky 
245 1 0 |a Hry pro zvládání hněvu :  |b cvičení a hry pro děti 5-12 let /  |c Deborah M. Plummer ; z anglického originálu Anger management games for children přeložila Miroslava Kopicová 
250 |a Vydání první 
264 1 |a Praha :  |b Portál,  |c 2019 
300 |a 141 stran ;  |c 21 cm 
336 |a text  |b txt  |2 rdacontent 
337 |a bez média  |b n  |2 rdamedia 
338 |a svazek  |b nc  |2 rdacarrier 
504 |a Obsahuje bibliografické odkazy 
650 0 7 |a děti školního věku  |7 ph119714  |2 czenas 
650 0 7 |a hněv  |7 ph232950  |2 czenas 
650 0 7 |a emoce  |7 ph114465  |2 czenas 
650 0 7 |a psychická odolnost  |7 ph124783  |2 czenas 
650 0 7 |a osobnostní a sociální výchova  |7 ph351300  |2 czenas 
650 0 7 |a sociálněpsychologické hry  |7 ph173208  |2 czenas 
650 0 9 |a school children  |2 eczenas 
650 0 9 |a anger  |2 eczenas 
650 0 9 |a emotions  |2 eczenas 
650 0 9 |a psychic resistance  |2 eczenas 
650 0 9 |a personal and social education  |2 eczenas 
650 0 9 |a social psychological games  |2 eczenas 
655 7 |a metodické příručky  |7 fd132826  |2 czenas 
655 9 |a methodological manuals  |2 eczenas 
700 1 |a Kopicová, Miroslava  |7 pna2007389145  |4 trl 
910 2 |a BOA001  |b 2-1433.851 
990 |a BK 
995 |a 01 
991 |b 201910  |c NOV 
996 6 |b 2610799309  |c 2-1433.851  |l MZK  |r Sklad / do 1 hodiny  |n 3  |p p.v.  |w 001759253  |u 000010  |a 1  |e BOA001  |j MZK50  |s P 
996 7 |b 2610799748  |c 2-1433.851  |l Vol.výběr  |r VV 0p  |n 12  |p kup  |h 373.2/.3 PLU  |w 001759253  |u 000020  |a 0  |e BOA001  |j MZK50  |s A 
996 7 |b 2610848079  |c 2-1433.851  |l Vol.výběr  |r VV 0p  |n 14  |p kup  |h 373.2/.3 PLU  |w 001759253  |u 000030  |a 0  |e BOA001  |j MZK50  |s A